000 00648nam a22002055i 4500
001 175730
003 ES-MaACL
005 20240425063226.0
008 101118s1964 sp o |||| | spa d
080 _a821.134.2-1"19"
100 1 _aCelaya, Gabriel,
_d1911-1991
_937346
245 1 3 _aLa linterna sorda /
_cGabriel Celaya.
260 _aBarcelona :
_bEl bardo,
_c1964.
300 _a37 p. :
_b1 retr. aut. ;
_c18 cm.
490 1 _aEl Bardo, colección de poesía ;
_v1
830 0 _aEl Bardo (Batlló, José) ;
_v1
_9235922
852 _aES-MaACL
_jE-13576
_dOlim: P-361-Ter
_9182467
942 _2udc
999 _c175730
_d175730